书目信息 |
| 题名: |
节能概论
|
|
| 作者: | 黄素逸 , 王晓墨 编著 | |
| 分册: | ||
| 出版信息: | 武汉 华中科技大学出版社 2008.03 |
|
| 页数: | 252页 | |
| 开本: | 26cm | |
| 丛书名: | ||
| 单 册: | ||
| 中图分类: | TK01 | |
| 科图分类: | ||
| 主题词: | 节能--jie neng--高等学校--教材 | |
| 电子资源: | ||
| ISBN: | 978-7-5609-4398-5 | |
| 000 | 00924nam0 2200265 450 | |
| 001 | 012008152933 | |
| 005 | 20080525162302.78 | |
| 010 | @a978-7-5609-4398-5@dCNY28.00 | |
| 100 | @a20080516d2008 em y0chiy0120 ea | |
| 101 | 0 | @achi |
| 102 | @aCN@b420000 | |
| 105 | @ay a 000yy | |
| 106 | @ar | |
| 200 | 1 | @a节能概论@Ajie neng gai lun@f黄素逸, 王晓墨编著@Fhuang su yi,wang xiao mo bian zhu |
| 210 | @a武汉@c华中科技大学出版社@d2008.03 | |
| 215 | @a252页@d26cm | |
| 300 | @a普通高等院校能源动力类精品教材 | |
| 320 | @a有书目 | |
| 330 | @a书中深入地讨论了各种节能方法和措施,其取材新颖,内容丰富,既可作为高等学校能源动力类专业的教材,也可供有关政府部门工作人员和企业工程技术人员及管理干部参考。 | |
| 606 | 0 | @a节能@Ajie neng@x高等学校@j教材 |
| 690 | @aTK01@v4 | |
| 701 | 0 | @a黄素逸@Ahuang su yi@4编著 |
| 701 | 0 | @a王晓墨@Awang xiao mo@4编著 |
| 801 | 0 | @aCN@bQSSK@c20080525 |
| 905 | @b712557-59@dTK01@eH888@f3 | |
| 节能概论/黄素逸, 王晓墨编著.-武汉:华中科技大学出版社,2008.03 |
| 252页;26cm |
| 普通高等院校能源动力类精品教材 |
| ISBN 978-7-5609-4398-5:CNY28.00 |
| 书中深入地讨论了各种节能方法和措施,其取材新颖,内容丰富,既可作为高等学校能源动力类专业的教材,也可供有关政府部门工作人员和企业工程技术人员及管理干部参考。 |
| ● |
| 相关链接 |
|
|
|
正题名:节能概论
索取号:TK01/H888
 
预约/预借
| 序号 | 登录号 | 条形码 | 馆藏地/架位号 | 状态 | 备注 |
| 1 | 712557 | 207125573 | 自科库501/501自科库 135排6列6层/ [索取号:TK01/H888] | 在馆 | |
| 2 | 712558 | 207125582 | 能源与建筑环境工程学院资料室/201建筑库 28排2列2层/ [索取号:TK01/H888] | 在馆 | |
| 3 | 712559 | 207125591 | 自科库501/501自科库 135排6列6层/ [索取号:TK01/H888] | 在馆 |